|
|
|
|
| LEADER |
00000cas a2200000 a 4500 |
| 001 |
vtls010293014 |
| 003 |
SK-MaSNL |
| 005 |
20260228155636.0 |
| 008 |
110718c20109999xo qr p 0 b0slo |
| 022 |
|
|
|a 1338-1644
|y 0862-5565
|
| 040 |
|
|
|a SVKBB
|b slo
|c SVKBB
|d SNK
|e AACR2
|
| 041 |
0 |
|
|a slo
|
| 044 |
|
|
|a xo
|c SK
|
| 072 |
|
7 |
|a 635
|x Záhradkárstvo
|2 konspekt
|
| 080 |
|
|
|a 634/635
|2 2011
|
| 080 |
|
|
|a 050
|2 2011
|
| 080 |
|
|
|a 634.1/.8
|2 2011
|
| 210 |
0 |
|
|a Záhrad. - špec.
|
| 222 |
|
0 |
|a Záhradkár - špeciál
|
| 245 |
0 |
0 |
|a Záhradkár špeciál
|
| 260 |
|
|
|a Bratislava
|b Spoločnosť 7 plus
|c 2010-
|
| 260 |
3 |
|
|3 2015-
|a Bratislava
|b News and Media Holding
|
| 300 |
|
|
|a zv.
|b ilust.
|c 24-28 cm
|
| 310 |
|
|
|a 5x ročne
|b 2013-
|
| 310 |
|
|
|a 4x ročne
|b 2012
|
| 321 |
|
|
|a 2x ročne
|b 2010-2011
|
| 362 |
0 |
|
|a Č. 1 (jar/leto 2010)-
|
| 500 |
|
|
|a Šéfredaktorka: 2010-, Jana Komadelová
|
| 500 |
|
|
|a Evidenčné číslo: EV 4059/10
|
| 500 |
|
|
|a Správne číslo ISSN je 1338-1644, overené podľa Národnej agentúry ISSN, číslo ISSN 0862-5565 uvedené v tiráži patrí časopisu Záhradkár
|
| 500 |
|
|
|a Od č. 1/2021 je zmenený formát na 24 cm
|
| 525 |
|
|
|a Vychádza ako špeciálne príloha časopisu Záhradkár
|
| 650 |
0 |
7 |
|a záhradkárstvo
|2 SNKPH
|9 2728
|
| 650 |
0 |
7 |
|a ovocinárstvo
|2 SNKPH
|9 16370
|
| 655 |
|
7 |
|a špecializované časopisy
|2 SNKPH
|9 70509
|
| 700 |
1 |
|
|a Komadelová, Jana
|4 pbd
|9 265071
|
| 772 |
0 |
|
|t Záhradkár (Tlačené vydanie)
|x 0862-5565
|w vtls001466112
|
| 852 |
|
|
|a Štátna vedecká knižnica v Banskej Bystrici
|
| 910 |
|
|
|a snk
|
| 916 |
|
|
|a 2010, 2012-2015, 2016-2018
|
| 999 |
|
|
|c 40
|d 40
|
| 952 |
|
|
|0 0
|1 0
|4 0
|7 0
|8 0
|a SNK
|b SNK
|d 2021-06-01
|f 1
|i snk2021/6101
|l 0
|o snkČSB 5949/10/2019
|p 17A1434294
|r 2026-02-21 19:52:37
|t č. 1-4
|w 2026-02-21
|y PREZ
|
| 952 |
|
|
|0 0
|1 0
|4 0
|7 0
|8 0
|a SNK
|b SNK
|d 2021-06-01
|f 1
|i snk2021/6102
|l 0
|o snkČSB 5949/11/2020
|p 17A1434295
|r 2026-02-21 19:52:37
|t č. 1-4
|w 2026-02-21
|y PREZ
|
| 952 |
|
|
|0 0
|1 0
|4 0
|7 0
|8 0
|a SNK
|b SNK
|d 2023-01-18
|i snk2023/914
|l 0
|o snkČSB 5949/10/2019 D1
|p 17A1465114
|r 2026-02-21 20:04:11
|t č. 1-4
|w 2026-02-21
|y PREZ
|
| 952 |
|
|
|0 0
|1 0
|4 0
|7 0
|8 0
|a SNK
|b SNK
|d 2015-01-27
|f 1
|i snk2015/2482
|l 0
|o snkČSB 5949/4/2013
|p 17A1089735
|r 2026-02-21 20:24:15
|t č. 1-5
|w 2026-02-21
|y PREZ
|z č. feb., apríl, jún, sept., nov.
|
| 952 |
|
|
|0 0
|1 0
|4 0
|7 0
|8 0
|a SNK
|b SNK
|d 2015-01-27
|f 1
|i snk2015/2476
|l 0
|o snkČSB 5949/3/2012
|p 17A1089733
|r 2026-02-21 20:42:41
|t č. 1-5, neúplné
|w 2026-02-21
|y PREZ
|z č. marec, apríl, máj, sept., chýba č. 4 (august)
|
| 952 |
|
|
|0 0
|1 0
|4 0
|7 0
|8 0
|a SNK
|b SNK
|d 2015-01-27
|i snk2015/2478
|l 0
|o snkČSB 5949/3/2012 D1
|p 17A1089734
|r 2026-02-21 20:42:41
|t č. 1-5, neúplné
|w 2026-02-21
|y PREZ
|z č. marec, apríl, máj, sept., chýba č. 4 (august)
|
| 952 |
|
|
|0 0
|1 0
|4 0
|7 0
|8 0
|a SNK
|b SNK
|d 2015-01-27
|i snk2015/2483
|l 0
|o snkČSB 5949/4/2013 D1
|p 17A1089736
|r 2026-02-21 20:42:41
|t č. 1-5
|w 2026-02-21
|y PREZ
|z č. feb., apríl, jún, sept., nov.
|
| 952 |
|
|
|0 0
|1 0
|4 0
|7 0
|8 0
|a SNK
|b SNK
|d 2015-01-27
|i snk2015/2486
|l 0
|o snkČSB 5949/5/2014 D1
|p 17A1089770
|r 2026-02-21 20:42:41
|t č. 1-5
|w 2026-02-21
|y PREZ
|z č. feb., apríl, jún, sept., nov.
|
| 952 |
|
|
|0 0
|1 0
|4 0
|7 0
|8 0
|a SNK
|b SNK
|d 2015-01-27
|i snk2015/2475
|l 0
|o snkČSB 5949/2010 D1
|p 17A1089732
|r 2026-02-21 21:23:40
|t č. 1-2, neúplné
|w 2026-02-21
|y PREZ
|z č. jar/leto - jeseň/zima, chýba č. 2 (jeseň/zima)
|
| 952 |
|
|
|0 0
|1 0
|4 0
|7 0
|8 0
|a SNK
|b SNK
|d 2017-03-09
|i snk2017/6466
|l 0
|o snkČSB 5949/7/2016 D1
|p 17A1205484
|r 2026-02-21 21:24:16
|t č. 1-5, neúplné
|w 2026-02-21
|y PREZ
|z Chýba č. 2
|
| 952 |
|
|
|0 0
|1 0
|4 0
|7 0
|8 0
|a SNK
|b SNK
|d 2017-03-09
|f 1
|i snk2017/6465
|l 0
|o snkČSB 5949/7/2016
|p 17A1205485
|r 2026-02-21 21:24:16
|t č. 1-5, neúplné
|w 2026-02-21
|y PREZ
|z Chýba č. 2
|
| 952 |
|
|
|0 0
|1 0
|4 0
|7 0
|8 0
|a SNK
|b SNK
|d 2015-01-27
|f 1
|i snk2015/2473
|l 0
|o snkČSB 5949/2010
|p 17A1089731
|r 2026-02-21 21:30:37
|t č. 1-2, neúplné
|w 2026-02-21
|y PREZ
|z č. jar/leto - jeseň/zima, chýba č. 2 (jeseň/zima)
|
| 952 |
|
|
|0 0
|1 0
|4 0
|7 0
|8 0
|a SNK
|b SNK
|d 2024-11-18
|i snk2024/17422
|l 0
|o snkČSB 5949/11/2020 D1
|p 17A1525064
|r 2026-02-21 21:39:31
|t č. 1-4, neúplné
|w 2026-02-21
|y PREZ
|z Chýba č. 4
|
| 952 |
|
|
|0 0
|1 0
|4 0
|7 0
|8 0
|a SNK
|b SNK
|d 2024-11-18
|i snk2024/17426
|l 0
|o snkČSB 5949/12/2021
|p 17A1525065
|r 2026-02-21 21:39:31
|t č. 1-4, neúplné
|w 2026-02-21
|y PREZ
|z Chýba č. 2, 4
|
| 952 |
|
|
|0 0
|1 0
|4 0
|7 0
|8 0
|a SNK
|b SNK
|d 2024-11-18
|i snk2024/17427
|l 0
|o snkČSB 5949/13/2022
|p 17A1525066
|r 2026-02-21 21:39:37
|t č. 1-4, neúplné
|w 2026-02-21
|y PREZ
|z Chýba č. 2, 3
|
| 952 |
|
|
|0 0
|1 0
|4 0
|7 0
|8 0
|a SNK
|b SNK
|d 2024-11-18
|i snk2024/17428
|l 0
|o snkČSB 5949/14/2023
|p 17A1525067
|r 2026-02-21 21:39:37
|t č. 1-4
|w 2026-02-21
|y PREZ
|
| 952 |
|
|
|0 0
|1 0
|4 0
|7 0
|8 0
|a SNK
|b SNK
|d 2015-01-27
|f 1
|i snk2015/2484
|l 0
|o snkČSB 5949/5/2014
|p 17A1089769
|r 2026-02-21 21:43:44
|t č. 1-5
|w 2026-02-21
|y PREZ
|z č. feb., apríl, jún, sept., nov.
|
| 952 |
|
|
|0 0
|1 0
|4 0
|7 0
|8 0
|a SNK
|b SNK
|d 2020-01-16
|f 1
|i snk2020/895
|l 0
|o snkČSB 5949/8/2017
|p 17A1385824
|r 2026-02-21 21:46:59
|t č. 1-5
|w 2026-02-21
|y PREZ
|
| 952 |
|
|
|0 0
|1 0
|4 0
|7 0
|8 0
|a SNK
|b SNK
|d 2016-03-18
|f 1
|i snk2016/7735
|l 0
|o snkČSB 5949/6/2015
|p 17A1098306
|r 2026-02-21 22:09:05
|t č. 1-5
|w 2026-02-21
|y PREZ
|
| 952 |
|
|
|0 0
|1 0
|4 0
|7 0
|8 0
|a SNK
|b SNK
|d 2016-03-18
|i snk2016/7737
|l 0
|o snkČSB 5949/6/2015 D1
|p 17A1098305
|r 2026-02-21 22:09:05
|t č. 1-5, neúpl.
|w 2026-02-21
|y PREZ
|z chýba č. 4
|
| 952 |
|
|
|0 0
|1 0
|4 0
|7 0
|8 0
|a SNK
|b SNK
|d 2020-01-16
|i snk2020/906
|l 0
|o snkČSB 5949/8/2017 D1
|p 17A1385823
|r 2026-02-21 22:22:08
|t č. 1-5, neúpl.
|w 2026-02-21
|y PREZ
|z Chýba č. 5
|
| 952 |
|
|
|0 0
|1 0
|4 0
|7 0
|8 0
|a SNK
|b SNK
|d 2020-01-16
|f 1
|i snk2020/910
|l 0
|o snkČSB 5949/9/2018
|p 17A1385822
|r 2026-02-21 22:22:20
|t č. 1-4
|w 2026-02-21
|y PREZ
|
| 952 |
|
|
|0 0
|1 0
|4 0
|7 0
|8 0
|a SNK
|b SNK
|d 2020-01-16
|i snk2020/912
|l 0
|o snkČSB 5949/9/2018 D1
|p 17A1385821
|r 2026-02-21 22:22:20
|t č. 1-4
|w 2026-02-21
|y PREZ
|